00548nam a2200193Ia 450000500170000000800410001702000220005804000190008004100120009908200160011110000180012724500440014526000430018930000170023250400500024965000260029965100190032585000100034420221124113048.0131103s9999 xx 000 0 und d a195633423cRs. 80 aLoreto College aEnglish a954.01bTHA aThapar,Romila aInterpreting early IndiacRomila Thapar aDelhibOxford University Presscc 1992 aviii,181 p.  aIncludes index and bibliographical references aEarly India - History aIndian History aLCLIB